000 00408cam a2200145 a 4500
020 _a0849359929
040 _cDLC
082 0 0 _a589 CRC 1984 A032 Or.
245 0 0 _aMethylotrophs :
_bmicrobiology, biochemistry, and genetics /
260 _aBoca Raton, Fla. :
_bCRC Press,
_cc1984.
300 _a180 p. :
_bill. ;
_c27 cm.
650 0 _aMethylotrophic microorganisms.
700 1 _aHou, Ching T.
942 _cEK
999 _c11892
_d11892